000 00297nam a22001337a 4500
008 171016b xxu||||| |||| 00| 0 eng d
020 _a9780538453059
041 _aeng
080 _26TH
_a33
100 _a52
101 _aEKO
245 _aPRINCIPLES OF ECONOMICS
_cMANKIW,N,G
942 _2udc
_cBK
999 _c34177
_d34177